Algebra / (Record no. 13008)
[ view plain ]
| 000 -LEADER | |
|---|---|
| fixed length control field | 01154nac a22003251i 4500 |
| 003 - CONTROL NUMBER IDENTIFIER | |
| control field | EG-ScBUE |
| 005 - DATE AND TIME OF LATEST TRANSACTION | |
| control field | 20240903124020.0 |
| 008 - FIXED-LENGTH DATA ELEMENTS--GENERAL INFORMATION | |
| fixed length control field | 090224t2002 ilua f 001 0 eng d |
| 020 ## - INTERNATIONAL STANDARD BOOK NUMBER | |
| International Standard Book Number | 0130585084 (part1) |
| 020 ## - INTERNATIONAL STANDARD BOOK NUMBER | |
| International Standard Book Number | 9780130585080 (part 1) |
| 020 ## - INTERNATIONAL STANDARD BOOK NUMBER | |
| International Standard Book Number | 0130585092 (part 2) |
| 020 ## - INTERNATIONAL STANDARD BOOK NUMBER | |
| International Standard Book Number | 9780130585097 (part 2) |
| 040 ## - CATALOGING SOURCE | |
| Original cataloging agency | EG-ScBUE |
| Language of cataloging | eng |
| Description conventions | rda |
| Transcribing agency | EG-ScBUE |
| Modifying agency | EG-ScBUE |
| 082 04 - DEWEY DECIMAL CLASSIFICATION NUMBER | |
| Classification number | 512 |
| Item number | ALG |
| Edition number | 22 |
| 245 00 - TITLE STATEMENT | |
| Title | Algebra / |
| Statement of responsibility, etc | The University of Chicago School Mathematics Project ; John W. McConnell [thirteen others] |
| 250 ## - EDITION STATEMENT | |
| Remainder of edition statement | Second edition. |
| Edition statement | Teacher’s edition. |
| 264 #1 - PUBLICATION, DISTRIBUTION, ETC. (IMPRINT) | |
| Place of publication, distribution, etc | Glenview, Ill. : |
| Name of publisher, distributor, etc | Prentice Hall, |
| Date of publication, distribution, etc | [2002] |
| 264 #4 - PUBLICATION, DISTRIBUTION, ETC. (IMPRINT) | |
| Date of publication, distribution, etc | c2002 |
| 300 ## - PHYSICAL DESCRIPTION | |
| Extent | 2 volumes : |
| Other physical details | illustrations (chiefly color) ; |
| Dimensions | 31 cm |
| 336 ## - CONTENT TYPE | |
| Source | rdacontent |
| Content type term | text |
| Content type code | txt |
| 337 ## - MEDIA TYPE | |
| Media type term | unmediated |
| Source | rdamedia |
| Media type code | n |
| 338 ## - CARRIER TYPE | |
| Carrier type term | volume |
| Carrier type code | nc |
| Source | rdacarrier |
| 500 ## - GENERAL NOTE | |
| General note | Includes index. |
| 505 0# - FORMATTED CONTENTS NOTE | |
| Formatted contents note | Volume 1. Chapters 1-6 -- Volume 2. Chapters 7-13. |
| 650 #7 - SUBJECT ADDED ENTRY--TOPICAL TERM | |
| Topical term or geographic name as entry element | Algebra. |
| Source of heading or term | BUEsh |
| 9 (RLIN) | 4334 |
| 655 ## - INDEX TERM--GENRE/FORM | |
| Form subdivision | Reading book |
| 700 1# - ADDED ENTRY--PERSONAL NAME | |
| 9 (RLIN) | 21099 |
| Personal name | McConnell, John W., |
| Relator term | author. |
| 710 2# - ADDED ENTRY--CORPORATE NAME | |
| 9 (RLIN) | 10584 |
| Corporate name or jurisdiction name as entry element | University of Chicago. |
| Subordinate unit | School Mathematics Project, |
| Relator term | author. |
| 942 ## - ADDED ENTRY ELEMENTS (KOHA) | |
| Koha item type | Book - Teacher Resource |
| Source of classification or shelving scheme | Dewey Decimal Classification |
| Withdrawn status | Lost status | Source of classification or shelving scheme | Damaged status | Not for loan | Collection code | Home library | Current library | Shelving location | Date acquired | Source of acquisition | Total Checkouts | Full call number | Barcode | Date last seen | Price effective from | Koha item type | Public note | Date checked out |
|---|---|---|---|---|---|---|---|---|---|---|---|---|---|---|---|---|---|---|
| Dewey Decimal Classification | Donation-Gift | Central Library | Central Library | First floor | 08/12/2009 | Donation | 512 ALG TR | 000019194 | 15/07/2025 | 08/12/2009 | Book - Teacher Resource | Pt.2 | ||||||
| Dewey Decimal Classification | Donation-Gift | Central Library | Central Library | First floor | 08/12/2009 | Donation | 512 ALG TR | 000019155 | 15/07/2025 | 08/12/2009 | Book - Teacher Resource | pt.2 | ||||||
| Dewey Decimal Classification | Donation-Gift | Central Library | Central Library | First floor | 10/11/2010 | Donation | 512 ALG TR | 000007171 | 15/07/2025 | 10/11/2010 | Book - Teacher Resource | Pt.1 | ||||||
| Dewey Decimal Classification | Donation-Gift | Central Library | Central Library | First floor | 10/11/2010 | Donation | 1 | 512 ALG TR | 000007189 | 15/07/2025 | 10/11/2010 | Book - Teacher Resource | Pt.1 | 26/09/2016 |